La seducción /

Uloženo v:
Podrobná bibliografie
Hlavní autor: Gombrowicz, Witold (autor)
Médium: Kniha
Jazyk:španělština
Vydáno: Barcelona, España : Seix Barral, 1970, c1970
Vydání:2a edición
Edice:(Biblioteca Breve ; Novela) 269.
Témata:
Tagy: Přidat tag
Žádné tagy, Buďte první, kdo vytvoří štítek k tomuto záznamu!

MARC

LEADER 00000nam^a2200000^a^4500
001 000365354
005 20250521000000.0
009 20260310115642.039
037 |a Acervo Xavier Clavigero 
041 |a ESP 
082 |a 891. 85  |b GOM 
100 |a Gombrowicz, Witold  |e (autor) 
245 1 3 |a La seducción /  |c W. Gombrowicz ; tr. por G. Ferrater. 
250 |a 2a edición 
264 4 |a Barcelona, España :  |b Seix Barral,  |c 1970, c1970 
300 |a 218 p. 
336 |a texto  |b txt  |2 rdacontenido 
337 |a sin mediación  |b n  |2 rdamedio 
338 |a volumen  |b nc  |2 rdasoporte 
440 1 |a (Biblioteca Breve ;  |v 269.  |p Novela) 
500 |a Traducción de: Pornografia 
649 |a XX 
650 |a Novela Polaca 
650 |a Literatura Polaca -  |y Siglo XX 
910 |a Fondo General 
920 |a Impresos - Libros 
930 |a Colección General 
940 |a Literatura 
905 |a 101 
901 |a 058910  |b IT1  |c LIT  |u 20250521 
902 |a https://opac.biblio.iteso.mx/vufind/Record/000365354